| 000 | 01036cad a22002415a 4500 | ||
|---|---|---|---|
| 001 | E154709 | ||
| 008 | 120116s2012 xxk f s000 0 eng d | ||
| 020 | _a9781406181456 | ||
| 035 | _a(Sirsi) u154709 | ||
| 041 | 0 | _aeng | |
| 110 | 2 |
_aScotland _bScottish Government _95344 |
|
| 245 | 0 | 0 |
_aLong Leases (Scotland) Bill _bas introduced _h[electronic resource] |
| 260 |
_a[Edinburgh] _bScottish Parliamentary Corporate Body _c2012 |
||
| 490 | 0 |
_aSP Bill _v(7) |
|
| 520 | _aA Bill introduced on 13 January 2012 which will converts ultra-long leases into ownership (ultra-long leases are those which were let for over 175 years and that have over 100 years left to run from the designated day laid down in the Bill). | ||
| 521 | _aAdvanced | ||
| 590 | _aKA | ||
| 650 | 2 | 4 | _aLONG LEASES (SCOTLAND) BILL |
| 651 | 4 |
_aScotland _y1999- |
|
| 690 |
_aLandlord and tenant _96252 |
||
| 856 | 4 | 0 |
_uhttps://www.scottish.parliament.uk/parliamentarybusiness/Bills/45695.aspx _zView the Bill free of charge at www.scottish.parliament.uk |
| 942 | _n0 | ||
| 999 |
_c113115 _d113115 |
||